ბათუმის შოთა რუსთაველის სახელმწიფო უნივერსიტეტის ბიბლიოთეკა

ყველაფერი გადაუდებელი სამედიცინო დახმარების შესახებ / (ბიბ.ჩანაწერი № 37747)

000 -ლიდერი
ფიქსირებული სიგრძის საკონტროლო ველი 01205nam a2200229Ia 4500
001 - საკონტროლო ნომერი
საკონტროლო ველი 3723
003 - საკონტროლო ნომრის იდენტიფიკატორი
საკონტროლო ველი GE_BSU
005 - ბოლო ოპერაციის თარიღი და დრო
საკონტროლო ველი 20190628200122.0
008 - ფიქსირებული სიგრძის მონაცემთა ელემენტები - ზოგადი ინფორმაცია
ფიქსირებული სიგრძის საკონტროლო ველი 181216s2011||||ge |||||||||||||| ||geo||
020 ## - წიგნის საერთაშორისო სტანდარტული ნომერი
International Standard Book Number 9789941031953
040 ## - კატალოგიზაციის წყარო
Transcribing agency GE_BSU
041 ## - ენის კოდი
Language code of text/sound track or separate title geo
080 ## - უნივერსალური ათობითი კლასიფიკაციის ინდექსი
Universal Decimal Classification number 61 ყ–45
245 ## - ცნობა სათაურის შესახებ
Title ყველაფერი გადაუდებელი სამედიცინო დახმარების შესახებ /
Statement of responsibility, etc შემდგ. ნინო ჩარგეიშვილი ; რედ. თამარ მამაცაშვილი.
264 ## - წარმოების, გამოცემის, დისტრიბუციის და სხვა ცნობები
გამოცემის, წარმოების, დისტრიბუციის... ადგილი თბილისი :
გამოცემის, წარმოების, დისტრიბუციის... სახელწოდება "ოჯახის მკურნალის" ბიბ-კა,
გამოცემის, წარმოების, დისტრიბუციის... თარიღი 2011.
300 ## - ფიზიკური აღწერა
Extent 135 გვ. ;
Other physical details 19 სმ.
490 ## - სერიის ცნობა
Series statement იცნობდე, რათა დაამარცხო ;
Volume number/sequential designation N 3.
653 ## - INDEX TERM--UNCONTROLLED
Uncontrolled term ყველაფერი გადაუდებელი სამედიცინო დახმარების შესახებ.
700 ## - ADDED ENTRY--PERSONAL NAME
Personal name ჩარგეიშვილი, ნინო
Relator term შემდგენელი
9 (RLIN) 3105
700 ## - ADDED ENTRY--PERSONAL NAME
Personal name მამაცაშვილი, თამარ
Relator term რედაქტორი
9 (RLIN) 2211
942 ## - ADDED ENTRY ELEMENTS (KOHA)
Koha item type წიგნი
Source of classification or shelving scheme
ეგზემპლარები
ჩამოწერის სტატუსი დაკარგული ეგზემპლარის სტატუსი კლასიფიკაციის წყარო ან თაროზე გაწყობის სქემა დაზიანების სტატუსი არ გაიცემა მუდმივი მდებარეობა (დაცვის ადგილი) ამჟამინდელი ადგილსამყოფელი თაროზე განთავსების ადგილი შეძენის თარიღი სრული შენახვის შიფრი შტრიხკოდი ბოლო ოპერაციის თარიღი ეგზემპლარის მიმდევრობითი ნომერი (კეტერი?) ფასის ძალაში შესვლის თარიღი ეგზემპლარის სახეობა საჯარო შენიშვნა
          ბათუმის შოთა რუსთაველის სახელმწიფო უნივერსიტეტის მთავარი ბიბლიოთეკა ბათუმის შოთა რუსთაველის სახელმწიფო უნივერსიტეტის მთავარი ბიბლიოთეკა წიგნსაცავი 2018-12-17 61 ყ–45 5295 2018-12-17 5295 2018-12-17 წიგნი